[Event "FIDE World Rapid Team"]
[Site "London ENG"]
[Date "2025.06.12"]
[Round "7.2"]
[White "Madan, Augustin"]
[Black "Makaraci, Tunahan"]
[Result "0-1"]
[WhiteTitle "IM"]
[BlackTitle "FM"]
[WhiteElo "2259"]
[BlackElo "2233"]
[WhiteTeam "Desert Penguins"]
[BlackTeam "Satranc Istanbul"]
[WhiteFideId "1210327"]
[BlackFideId "6356559"]
[EventDate "2025.06.11"]
[EventType "team"]

1. d4 d5 2. Nf3 Nf6 3. Bf4 c5 4. e3 e6 5. c3 Nc6 6. Bd3 Bd6 7. Bxd6 Qxd6 8. Nbd2
O-O 9. O-O e5 10. dxe5 Nxe5 11. Nxe5 Qxe5 12. Nf3 Qe7 13. h3 h6 14. Qc2 Be6 15.
c4 a6 16. Rac1 Rac8 17. b3 Rfd8 18. Rfd1 b5 19. a4 dxc4 20. bxc4 b4 21. e4 Nh5
22. e5 Nf4 23. Bf1 Qb7 24. Qb3 Qe4 25. Rd6 Rxd6 26. exd6 Rd8 27. Rd1 Ne2+ 28.
Bxe2 Qxe2 29. Rd2 Qxc4 30. Qd1 b3 31. Ne5 Qxa4 32. d7 f6 33. Nd3 Rxd7 34. Nxc5
Rxd2 35. Qxd2 Qa1+ 0-1

[Event "FIDE World Rapid Team"]
[Site "London ENG"]
[Date "2025.06.12"]
[Round "7.3"]
[White "Eken, Atakan"]
[Black "Bansal, Saahil"]
[Result "0-1"]
[WhiteElo "2010"]
[BlackElo "1979"]
[WhiteTeam "Satranc Istanbul"]
[BlackTeam "Desert Penguins"]
[WhiteFideId "6375626"]
[BlackFideId "438316"]
[EventDate "2025.06.11"]
[EventType "team"]

1. e4 c6 2. d4 d5 3. exd5 cxd5 4. Bd3 Nf6 5. Nf3 Nc6 6. c3 g6 7. Bf4 Bf5 8. O-O
Bxd3 9. Qxd3 Bg7 10. Nbd2 O-O 11. h3 e6 12. Qe3 Ne7 13. Ne5 Qb6 14. Rab1 Qa6 15.
Nd3 Nf5 16. Qf3 Nh4 17. Qe2 h5 18. Rfe1 Nf5 19. a3 Rac8 20. Bg5 Nh7 21. Bf4 Nf6
22. Be5 Rfd8 23. Qf3 Nh4 24. Qe2 Nf5 25. g3 Nd6 26. Qe3 Nfe4 27. Nxe4 Nxe4 28.
Bxg7 Kxg7 29. Kg2 Qc4 30. f3 Nd6 31. g4 hxg4 32. hxg4 Qc7 33. Rh1 Rh8 34. Qe5+
f6 35. Qxe6 Rce8 36. Qxd5 Re2+ 37. Nf2 Nc4 38. Rxh8 Kxh8 39. Qc5 Ne3+ 40. Kh1
Qxc5 41. dxc5 Rxf2 42. Re1 Rxf3 43. b4 Kg7 44. b5 Kf7 45. Re2 Nxg4 46. Rd2 Ke7
47. c4 Ne5 48. c6 bxc6 49. a4 Rc3 50. a5 Rxc4 51. b6 axb6 52. axb6 Rb4 0-1

[Event "FIDE World Rapid Team"]
[Site "London ENG"]
[Date "2025.06.12"]
[Round "7.4"]
[White "Bharat Kumar, Balahari"]
[Black "Tahaoglu, Ugur Barkin"]
[Result "1-0"]
[WhiteElo "2052"]
[BlackElo "2015"]
[WhiteTeam "Desert Penguins"]
[BlackTeam "Satranc Istanbul"]
[WhiteFideId "496464"]
[BlackFideId "6303331"]
[EventDate "2025.06.11"]
[EventType "team"]

1. d4 Nf6 2. c4 e6 3. Nf3 Bb4+ 4. Nbd2 b6 5. e3 Bb7 6. Bd3 c5 7. O-O cxd4 8.
exd4 O-O 9. a3 Be7 10. b3 d5 11. Bb2 Nc6 12. Qe2 Re8 13. Rac1 dxc4 14. bxc4 Rc8
15. Bb1 Bf8 16. Qd3 g6 17. Ba2 Bg7 18. Rfe1 Nh5 19. Qe3 Ne7 20. g4 Nf6 21. Ne5
Nc6 22. Ndf3 Nxe5 23. Nxe5 Nd7 24. f4 Qc7 25. Bb1 Bh6 26. g5 Nxe5 27. fxe5 Bf8
28. Qf4 Qd7 29. h4 Rc7 30. h5 Rec8 31. Bd3 Ba6 32. d5 exd5 33. hxg6 hxg6 34. e6
fxe6 35. Qf6 Bg7 36. Qxg6 dxc4 37. Qh7+ Kf8 38. Rf1+ Qf7 39. Qxg7+ Ke8 40. Qh8+
Ke7 41. Rxf7+ Kxf7 42. Qg7+ Ke8 43. Bg6+ Kd8 44. Bf6+ 1-0

[Event "FIDE World Rapid Team"]
[Site "London ENG"]
[Date "2025.06.12"]
[Round "7.5"]
[White "Kalender, Murat Emre"]
[Black "Ding, Yicheng"]
[Result "1-0"]
[WhiteElo "1782"]
[BlackElo "1793"]
[WhiteTeam "Satranc Istanbul"]
[BlackTeam "Desert Penguins"]
[WhiteFideId "34531815"]
[BlackFideId "483087"]
[EventDate "2025.06.11"]
[EventType "team"]

1. d4 Nf6 2. Bf4 d5 3. e3 e6 4. Nf3 Be7 5. c3 O-O 6. Nbd2 c5 7. Ne5 Nbd7 8. Bd3
Nxe5 9. dxe5 Nd7 10. h4 f6 11. Nf3 fxe5 12. Bxh7+ Kxh7 13. Ng5+ Kg8 14. Nxe6 Qb6
15. Nxf8 Nxf8 16. Qd3 d4 17. Qxd4 Be6 18. Qxe5 Bf6 19. Qh5 Qxb2 20. O-O Bf7 21.
Qxc5 Ne6 22. Qf5 Nxf4 23. Qxf4 Qxc3 24. Rac1 Qa5 25. a4 Bd5 26. Rfd1 Bc6 27.
Qc4+ Kh8 28. Qf7 Qf5 29. Rc4 Re8 30. Rf4 Qc2 31. Rf1 Qc5 32. Rd1 Rf8 33. Qg6 Qe7
34. h5 Be8 35. Qg4 a6 36. Qh3 Bg5 37. Rxf8+ Qxf8 38. Rd5 Bh6 39. g4 Bc6 40. Rf5
Qd6 41. g5 Bxg5 42. Rxg5 Qd1+ 43. Qf1 Qxa4 44. h6 gxh6 45. Rg3 Bb5 46. Qc1 Bc4
47. Qc3+ 1-0

[Event "FIDE World Rapid Team"]
[Site "London ENG"]
[Date "2025.06.12"]
[Round "7.6"]
[White "Ding, Yihua"]
[Black "Demir, Aleyna"]
[Result "0-1"]
[WhiteElo "1536"]
[BlackElo "1651"]
[WhiteTeam "Desert Penguins"]
[BlackTeam "Satranc Istanbul"]
[WhiteFideId "495999"]
[BlackFideId "6378323"]
[EventDate "2025.06.11"]
[EventType "team"]

1. d4 Nf6 2. c4 d6 3. Nc3 Nbd7 4. Bd2 e5 5. dxe5 Nxe5 6. e3 Bf5 7. Be2 Nd3+ 8.
Bxd3 Bxd3 9. Qb3 Nd7 10. Nge2 Nc5 11. Qd1 Bxc4 12. O-O Nd3 13. Qa4+ b5 14. Nxb5
Nxb2 15. Nxc7+ Ke7 16. Qc6 Rc8 17. Qe4+ Kd7 18. Nd5 Bxe2 19. Qf4 Bxf1 0-1

[Event "FIDE World Rapid Team"]
[Site "London ENG"]
[Date "2025.06.12"]
[Round "7.1"]
[White "Skytte, Rasmus"]
[Black "Kawuma, Patrick"]
[Result "1-0"]
[WhiteTitle "IM"]
[BlackTitle "FM"]
[WhiteElo "2367"]
[BlackElo "2231"]
[WhiteTeam "Danish Futures"]
[BlackTeam "Equity Bank, Kenya"]
[WhiteFideId "1404210"]
[BlackFideId "10000127"]
[EventDate "2025.06.11"]
[EventType "team"]

1. e4 c5 2. Nf3 e6 3. b3 Nf6 4. e5 Nd5 5. Bb2 Nc6 6. Nc3 Nxc3 7. dxc3 Be7 8. Bd3
d6 9. exd6 Qxd6 10. Qe2 Qf4 11. g3 Qc7 12. O-O-O Bf6 13. Kb1 Bd7 14. h4 h6 15.
Nd2 O-O-O 16. Ne4 Be7 17. f4 f5 18. Nd2 e5 19. Bb5 exf4 20. gxf4 a6 21. Bc4 Bf6
22. Qf2 Na7 23. a4 Kb8 24. h5 Nc8 25. Rhe1 Nd6 26. Bd5 Rhe8 27. c4 Bxb2 28. Kxb2
Qb6 29. Qg2 Rxe1 30. Rxe1 Ne8 31. Nf3 Bxa4 32. Ne5 Nc7 33. Qxg7 Nxd5 34. cxd5
Qb4 35. Nd3 Qb5 36. Qe5+ Ka8 37. Qc7 Rxd5 38. Ne5 Bxb3 39. cxb3 Rd2+ 40. Kc1 Qb4
41. Re3 Qd4 42. Nc4 Rd1+ 43. Kc2 Qd8 1-0

[Event "FIDE World Rapid Team"]
[Site "London ENG"]
[Date "2025.06.12"]
[Round "7.2"]
[White "Gurevich, Artjom"]
[Black "Kistrup, Nicolai"]
[Result "0-1"]
[BlackTitle "IM"]
[WhiteElo "2183"]
[BlackElo "2381"]
[WhiteTeam "Equity Bank, Kenya"]
[BlackTeam "Danish Futures"]
[WhiteFideId "2603870"]
[BlackFideId "1444816"]
[EventDate "2025.06.11"]
[EventType "team"]

1. d4 Nf6 2. Nf3 e6 3. c4 b6 4. a3 Bb7 5. Nc3 d5 6. cxd5 Nxd5 7. Qc2 Nxc3 8.
bxc3 c5 9. e4 Nd7 10. Bd3 Qc7 11. O-O Be7 12. Qe2 O-O 13. Rd1 Rfd8 14. a4 Rac8
15. e5 h6 16. h4 Nf8 17. h5 Nh7 18. Be3 Qc6 19. Qf1 Kh8 20. Nd2 f5 21. exf6 Nxf6
22. Bb5 Qd5 23. Bc4 Qxh5 24. Bxe6 Ng4 25. Bf4 Bd6 26. Bxd6 Rxd6 27. Bxg4 Qxg4
28. f3 Qf4 29. Nc4 Rd5 30. Ne5 Qe3+ 31. Qf2 Qxf2+ 32. Kxf2 cxd4 33. cxd4 Rc2+
34. Kg3 Kh7 35. Ra3 Re2 36. Ng4 Re6 37. Rc3 Bc6 38. Rc4 Ra5 39. Ne5 Bxa4 40. Ra1
Bb3 41. Rxa5 bxa5 42. Rc5 Ra6 43. Rc3 a4 44. Nc4 a3 45. Nxa3 Rxa3 46. d5 Kg8 47.
d6 Kf7 48. Rc1 0-1

[Event "FIDE World Rapid Team"]
[Site "London ENG"]
[Date "2025.06.12"]
[Round "7.3"]
[White "Nilssen, Ellen Fredericia"]
[Black "Andiwoh, Moses"]
[Result "1-0"]
[WhiteTitle "WIM"]
[WhiteElo "2160"]
[BlackElo "1796"]
[WhiteTeam "Danish Futures"]
[BlackTeam "Equity Bank, Kenya"]
[WhiteFideId "1441230"]
[BlackFideId "10801502"]
[EventDate "2025.06.11"]
[EventType "team"]

1. d4 c5 2. d5 e6 3. e4 Nf6 4. Nc3 d6 5. Nf3 Be7 6. Bb5+ Bd7 7. dxe6 fxe6 8. e5
dxe5 9. Nxe5 O-O 10. Nxd7 Nfxd7 11. Qg4 Rf6 12. Bf4 e5 13. Bg3 Rg6 14. Qf3 Qb6
15. Qd5+ Qe6 16. Qxb7 Nb6 17. O-O-O a6 18. Bd3 Bg5+ 19. Kb1 Qc6 20. Qxc6 Rxc6
21. Be4 Ra7 22. Bxc6 Nxc6 23. Rd6 Rc7 24. Nd5 Nxd5 25. Rxd5 Ne7 26. Rd8+ Kf7 27.
Bxe5 Rb7 28. Bc3 Bf6 29. Bxf6 Kxf6 30. Rhd1 Nf5 31. c3 h5 32. R1d5 Re7 33. Rf8+ 1-0

[Event "FIDE World Rapid Team"]
[Site "London ENG"]
[Date "2025.06.12"]
[Round "7.4"]
[White "Mutisya, Jully"]
[Black "Skytte, Robert"]
[Result "0-1"]
[WhiteTitle "WCM"]
[BlackTitle "CM"]
[WhiteElo "1822"]
[BlackElo "2015"]
[WhiteTeam "Equity Bank, Kenya"]
[BlackTeam "Danish Futures"]
[WhiteFideId "10814922"]
[BlackFideId "1471775"]
[EventDate "2025.06.11"]
[EventType "team"]

1. d4 d5 2. Nf3 c5 3. Bf4 Nc6 4. e3 cxd4 5. exd4 Bf5 6. c3 e6 7. Nbd2 h5 8. Qb3
Bd6 9. Bg5 f6 10. Bh4 g5 11. Bg3 Nge7 12. Bb5 Rb8 13. Nf1 a6 14. Be2 b5 15. Ne3
Bg6 16. O-O Na5 17. Qd1 Nc4 18. Qc1 h4 19. Bxd6 Qxd6 20. Ng4 Kf7 21. b3 Nb6 22.
Nfe5+ Kg7 23. Nxg6 Nxg6 24. Bd3 Nf4 25. Qe3 Nd7 26. Bc2 Rbe8 27. Qf3 f5 28. Ne3
Kf7 29. g3 Nh3+ 30. Kh1 Nf6 31. g4 Nf4 32. gxf5 e5 33. dxe5 Qxe5 34. Rad1 Qxc3
35. Bb1 Rhg8 36. Rc1 Qe5 37. Ng4 Nxg4 38. Qxg4 Rc8 39. Rxc8 Rxc8 40. f6 Rc7 41.
Qd1 Qxf6 42. Re1 d4 43. Re4 d3 44. Re3 Qc6+ 45. Rf3 Qc1 46. Rxf4+ gxf4 0-1

[Event "FIDE World Rapid Team"]
[Site "London ENG"]
[Date "2025.06.12"]
[Round "7.5"]
[White "Derlich, Sarah Sima"]
[Black "Kabugu, Njagi"]
[Result "1-0"]
[WhiteTitle "WCM"]
[WhiteElo "1926"]
[BlackElo "1682"]
[WhiteTeam "Danish Futures"]
[BlackTeam "Equity Bank, Kenya"]
[WhiteFideId "1469290"]
[BlackFideId "10806075"]
[EventDate "2025.06.11"]
[EventType "team"]

1. e4 d6 2. d4 Nd7 3. Nf3 g6 4. Bc4 e6 5. O-O Bg7 6. Re1 Ne7 7. Nc3 O-O 8. a4 a6
9. Bf4 b6 10. Qd2 Re8 11. Bh6 Bh8 12. Ng5 Nc6 13. Ne2 Bb7 14. Ra3 f6 15. Nxe6
Nde5 16. dxe5 Nxe5 17. Nxd8+ Nxc4 18. Qc3 Bxe4 19. Qxc4+ d5 20. Qxc7 Rexd8 21.
Nd4 Rdc8 22. Qxb6 Rcb8 23. Qe6# 1-0

[Event "FIDE World Rapid Team"]
[Site "London ENG"]
[Date "2025.06.12"]
[Round "7.6"]
[White "Kuka Kyle"]
[Black "Andries, Leia"]
[Result "1/2-1/2"]
[WhiteElo "1892"]
[BlackElo "1830"]
[WhiteTeam "Equity Bank, Kenya"]
[BlackTeam "Danish Futures"]
[WhiteFideId "10831533"]
[BlackFideId "1469207"]
[EventDate "2025.06.11"]
[EventType "team"]

1. e4 c5 2. c3 d5 3. exd5 Qxd5 4. d4 Nc6 5. Nf3 Bf5 6. Be3 cxd4 7. cxd4 Bxb1 8.
Qxb1 e6 9. a3 Nf6 10. Bd3 Be7 11. O-O O-O 12. Re1 h6 13. b4 a6 14. Bc2 Ng4 15.
Be4 Qd7 16. d5 Nd8 17. dxe6 Nxe6 18. Bf5 Nxe3 19. Rxe3 Bf6 20. Bxe6 fxe6 21. Ra2
Rac8 22. Rae2 Rfe8 23. g3 Rc6 24. Kg2 Rd6 25. Qe4 b5 26. Ne1 Rd4 27. Qf3 Rd6 28.
Nd3 Bd4 29. Re4 Rf8 30. Qg4 Qf7 31. Rxe6 Rd5 32. Re7 Qf6 33. Qe6+ Qxe6 34. R7xe6
Ba7 35. Nf4 Rd7 36. Rxa6 Bb8 37. Ng6 Rfd8 38. Ne7+ Kf7 39. Nc6 Rc8 40. Ra8 Rxc6
41. Rxb8 Ra6 42. Rxb5 Rxa3 43. Re3 Ra2 44. Rf5+ Kg6 45. g4 Rd4 46. Re6+ Kh7 47.
b5 Rxg4+ 48. Kf3 Rb4 49. Re4 Rbb2 50. Kg3 Ra3+ 51. Re3 Ra5 52. Ree5 Ra3+ 53. Rf3
Ra5 54. Rff5 Ra3+ 55. Kg2 Rab3 1/2-1/2

[Event "FIDE World Rapid Team"]
[Site "London ENG"]
[Date "2025.06.12"]
[Round "8.1"]
[White "Murzin, Volodar"]
[Black "Erigaisi, Arjun"]
[Result "1-0"]
[WhiteTitle "GM"]
[BlackTitle "GM"]
[WhiteElo "2666"]
[BlackElo "2782"]
[WhiteTeam "Hexamind Chess Team"]
[BlackTeam "Team MGD1"]
[WhiteFideId "44155573"]
[BlackFideId "35009192"]
[EventDate "2025.06.11"]
[EventType "team"]

1. e4 e5 2. Nf3 Nc6 3. Bc4 Nf6 4. d3 Bc5 5. O-O d6 6. c3 O-O 7. Nbd2 Bb6 8. Bb3
Ne7 9. Nc4 Ng6 10. Nxb6 axb6 11. h3 h6 12. Bc2 Be6 13. Re1 b5 14. a3 c6 15. d4
Qc8 16. Be3 Re8 17. Nd2 Qc7 18. Bd3 Rad8 19. a4 bxa4 20. Rxa4 d5 21. exd5 Nxd5
22. Bxg6 fxg6 23. Nf3 e4 24. Nd2 Bf5 25. Nf1 g5 26. Ng3 Bg6 27. Qg4 Qf7 28. Qe2
Nf4 29. Qd2 Rd6 30. Ra5 c5 31. Rea1 cxd4 32. Bxd4 Kh7 33. Ra8 Rxa8 34. Rxa8 Qd5
35. Qe3 Qb5 36. b4 Qd3 37. Rc8 Nd5 38. Qe1 Rd7 39. Qa1 e3 40. fxe3 Nxe3 41. Qa8
Bf7 42. Rh8+ Kg6 43. Qa7 Nd5 44. Qb8 Nf4 45. Bxg7 Kxg7 46. Qf8+ Kf6 47. Rxh6+
Ng6 48. Nh5+ Kf5 49. Qc5+ Qd5 50. Qf2+ Ke5 51. Qf6+ Ke4 52. Qf3+ Ke5 53. Qf6+
Ke4 54. Qf3+ Ke5 55. Qe3+ Kd6 56. Nf6 Qd1+ 57. Kh2 Re7 58. Qb6+ Ke5 59. Ng4+ Kd5
60. Qd8+ 1-0

[Event "FIDE World Rapid Team"]
[Site "London ENG"]
[Date "2025.06.12"]
[Round "8.2"]
[White "Harikrishna, Pentala"]
[Black "Dominguez Perez, Leinier"]
[Result "0-1"]
[WhiteTitle "GM"]
[BlackTitle "GM"]
[WhiteElo "2707"]
[BlackElo "2738"]
[WhiteTeam "Team MGD1"]
[BlackTeam "Hexamind Chess Team"]
[WhiteFideId "5007003"]
[BlackFideId "3503240"]
[EventDate "2025.06.11"]
[EventType "team"]

1. Nf3 Nf6 2. g3 c5 3. c4 Nc6 4. Bg2 d5 5. cxd5 Nxd5 6. Nc3 Nc7 7. O-O e5 8. d3
Be7 9. Nd2 Bd7 10. Nc4 f6 11. Be3 O-O 12. Qb3 Kh8 13. a4 Rb8 14. Rfe1 Be6 15.
Rac1 Na6 16. Qa3 Nd4 17. Nb5 Nb4 18. Bxd4 cxd4 19. Nxa7 Nc2 20. Rxc2 Bxa3 21.
Nb5 Bb4 22. Rec1 Bd5 23. Bh3 Ra8 24. b3 Bc6 25. Bf5 Bxb5 26. axb5 Bc3 27. Be4
Qd7 28. b6 Ra6 29. e3 Qd8 30. Bxb7 Rxb6 31. Nxb6 Qxb6 32. Bd5 Rd8 33. Bc4 f5 34.
Ra2 Qb7 35. exd4 Bxd4 36. Be6 f4 37. gxf4 exf4 38. Ra4 Bxf2+ 0-1

[Event "FIDE World Rapid Team"]
[Site "London ENG"]
[Date "2025.06.12"]
[Round "8.3"]
[White "Giri, Anish"]
[Black "Anton Guijarro, David"]
[Result "1/2-1/2"]
[WhiteTitle "GM"]
[BlackTitle "GM"]
[WhiteElo "2748"]
[BlackElo "2642"]
[WhiteTeam "Hexamind Chess Team"]
[BlackTeam "Team MGD1"]
[WhiteFideId "24116068"]
[BlackFideId "2285525"]
[EventDate "2025.06.11"]
[EventType "team"]

1. c4 e5 2. g3 Nc6 3. Bg2 g6 4. Nc3 Bg7 5. d3 d6 6. e4 f5 7. Nge2 Nf6 8. O-O f4
9. gxf4 O-O 10. fxe5 dxe5 11. f4 exf4 12. Bxf4 1/2-1/2

[Event "FIDE World Rapid Team"]
[Site "London ENG"]
[Date "2025.06.12"]
[Round "8.4"]
[White "Pranav, V"]
[Black "Vidit, Santosh Gujrathi"]
[Result "1/2-1/2"]
[WhiteTitle "GM"]
[BlackTitle "GM"]
[WhiteElo "2595"]
[BlackElo "2720"]
[WhiteTeam "Team MGD1"]
[BlackTeam "Hexamind Chess Team"]
[WhiteFideId "25060783"]
[BlackFideId "5029465"]
[EventDate "2025.06.11"]
[EventType "team"]

1. e4 e5 2. Nf3 Nc6 3. Bc4 Bc5 4. d3 d6 5. Nc3 Na5 6. O-O Ne7 7. Na4 Bb6 8. Bb3
O-O 9. h3 Ng6 10. Bg5 Qe8 11. Re1 h6 12. Bd2 Bd7 13. Nxb6 axb6 14. d4 Nxb3 15.
axb3 Rxa1 16. Qxa1 exd4 17. Nxd4 Qe5 18. c3 c5 19. Nf3 Qh5 20. Qd1 Re8 21. Bc1
Bc6 22. Nd2 Qxd1 23. Rxd1 b5 24. f3 d5 25. exd5 Bxd5 26. c4 bxc4 27. Nxc4 Be6
28. Re1 Rd8 29. Kf2 Rd5 30. Be3 Rd3 31. Bxc5 Rxb3 32. Ne5 Nf4 33. Kg3 Nh5+ 34.
Kh4 Nf4 35. Kg3 g5 36. Bd4 f6 37. Ng4 Bxg4 38. hxg4 Rd3 39. Be3 Nd5 40. Kf2 Rb3
41. Bd4 Rd3 42. Be3 Kf7 43. g3 Kg6 44. Re2 h5 45. gxh5+ Kxh5 46. Bc5 Kg6 47. Rc2
Rb3 48. Bd4 Nb4 49. Rd2 b5 50. Bc3 Na2 51. Bd4 Nb4 52. Bc3 Na2 53. Bd4 Nb4 1/2-1/2

[Event "FIDE World Rapid Team"]
[Site "London ENG"]
[Date "2025.06.12"]
[Round "8.5"]
[White "Divya, Deshmukh"]
[Black "Tsolakidou, Stavroula"]
[Result "1-0"]
[WhiteTitle "IM"]
[BlackTitle "IM"]
[WhiteElo "2463"]
[BlackElo "2428"]
[WhiteTeam "Hexamind Chess Team"]
[BlackTeam "Team MGD1"]
[WhiteFideId "35006916"]
[BlackFideId "4264312"]
[EventDate "2025.06.11"]
[EventType "team"]

1. e4 e5 2. Nf3 Nc6 3. d4 exd4 4. Nxd4 Qf6 5. Nf3 Bb4+ 6. c3 Bc5 7. Be2 d6 8.
O-O h6 9. Nbd2 Nge7 10. a4 a5 11. Nb3 Bb6 12. Nbd4 O-O 13. Be3 Ne5 14. Nd2 N7g6
15. f4 Nc6 16. Nc4 Bxd4 17. cxd4 d5 18. e5 Qe7 19. Na3 Nh4 20. Bf2 Bf5 21. Bd3
Bxd3 22. Qxd3 f5 23. Kh1 Ng6 24. Be3 Nb4 25. Qe2 Qe6 26. Nb5 Qd7 27. Rac1 c6 28.
Nd6 Ne7 29. Bd2 Nc8 30. Nxc8 Rfxc8 31. Rg1 Re8 32. g4 fxg4 33. Rxg4 Qf5 34. Rcg1
Re7 35. Qg2 Qe4 36. f5 Qxg2+ 37. R1xg2 Kh7 38. f6 gxf6 39. Rg6 1-0

[Event "FIDE World Rapid Team"]
[Site "London ENG"]
[Date "2025.06.12"]
[Round "8.1"]
[White "Rapport, Richard"]
[Black "Mamedov, Rauf"]
[Result "1-0"]
[WhiteTitle "GM"]
[BlackTitle "GM"]
[WhiteElo "2714"]
[BlackElo "2657"]
[WhiteTeam "KazChess"]
[BlackTeam "Freedom"]
[WhiteFideId "738590"]
[BlackFideId "13401653"]
[EventDate "2025.06.11"]
[EventType "team"]

1. e4 c5 2. Nf3 g6 3. c3 d5 4. e5 Bg4 5. Bb5+ Nc6 6. O-O Qb6 7. Bxc6+ Qxc6 8. d4
cxd4 9. cxd4 Nh6 10. Nbd2 Nf5 11. h3 Bxf3 12. Nxf3 h5 13. Bd2 e6 14. Rc1 Qd7 15.
Bg5 Bh6 16. Bxh6 Nxh6 17. Qd2 Nf5 18. Rc3 Rc8 19. Rxc8+ Qxc8 20. Rc1 Qd7 21. Qa5
O-O 22. Rc7 Qd8 23. Qc3 g5 24. g4 hxg4 25. hxg4 Nh6 26. Qc1 Nxg4 27. Nxg5 Nh6
28. Rc3 Nf5 29. Qf4 Re8 30. Qg4 Ng7 31. Qh4 1-0

[Event "FIDE World Rapid Team"]
[Site "London ENG"]
[Date "2025.06.12"]
[Round "8.2"]
[White "Sevian, Samuel"]
[Black "Grischuk, Alexander"]
[Result "1-0"]
[WhiteTitle "GM"]
[BlackTitle "GM"]
[WhiteElo "2687"]
[BlackElo "2667"]
[WhiteTeam "Freedom"]
[BlackTeam "KazChess"]
[WhiteFideId "2040506"]
[BlackFideId "4126025"]
[EventDate "2025.06.11"]
[EventType "team"]

1. e4 e5 2. Nf3 Nc6 3. Bc4 Bc5 4. c3 Nf6 5. d3 a6 6. a4 d6 7. O-O Ba7 8. Be3
Bxe3 9. fxe3 Ne7 10. Nbd2 Ng6 11. Qe1 a5 12. Nh4 Qe7 13. Nf5 Bxf5 14. Rxf5 c6
15. Qg3 h5 16. Nf3 h4 17. Qh3 d5 18. exd5 cxd5 19. Bb5+ Kf8 20. Rf1 Kg8 21. Ng5
Rh6 22. c4 d4 23. exd4 exd4 24. c5 Rf8 25. Bc4 Qe2 26. Qf3 Qxf3 27. Nxf3 Ne7 28.
Rf4 Rh5 29. Rxh4 Rxc5 30. Nxd4 Ng6 31. Rh3 Rd8 32. Nf5 Rc7 33. Rg3 Kf8 34. h4
Ne5 35. Nxg7 Rc6 36. Ne6+ fxe6 37. Rxf6+ Ke7 38. Rf4 Rh8 39. Rg7+ Kd6 40. Rxb7
Nxc4 41. dxc4 Ke5 42. g3 1-0

[Event "FIDE World Rapid Team"]
[Site "London ENG"]
[Date "2025.06.12"]
[Round "8.3"]
[White "Esipenko, Andrey"]
[Black "Le, Quang Liem"]
[Result "0-1"]
[WhiteTitle "GM"]
[BlackTitle "GM"]
[WhiteElo "2689"]
[BlackElo "2729"]
[WhiteTeam "KazChess"]
[BlackTeam "Freedom"]
[WhiteFideId "24175439"]
[BlackFideId "12401137"]
[EventDate "2025.06.11"]
[EventType "team"]

1. e4 e5 2. Nf3 Nc6 3. Bb5 Nf6 4. d3 Bc5 5. Bxc6 dxc6 6. a3 O-O 7. Bg5 Be7 8.
Nbd2 Nd7 9. Be3 Re8 10. Nc4 Bf8 11. O-O a5 12. a4 b6 13. Nfd2 Nc5 14. f4 exf4
15. Rxf4 Be6 16. Qf3 Nxa4 17. Rxa4 b5 18. Rxa5 bxc4 19. Rxa8 Qxa8 20. Nxc4 Bxc4
21. dxc4 Qa1+ 22. Qf1 Qxb2 23. Rxf7 Qxc2 24. Rxc7 Qxe4 25. Bb6 c5 26. g3 Rb8 27.
Rf7 Bd6 28. Rd7 Be7 29. Qg2 Qe1+ 30. Qf1 Qe6 31. Bc7 Rb2 32. Rd5 Qe3+ 33. Kh1
Qe4+ 34. Kg1 Bf6 35. Be5 Rb1 0-1

[Event "FIDE World Rapid Team"]
[Site "London ENG"]
[Date "2025.06.12"]
[Round "8.4"]
[White "Martirosyan, Haik M."]
[Black "Ansat, Aldiyar"]
[Result "1-0"]
[WhiteTitle "GM"]
[BlackTitle "IM"]
[WhiteElo "2635"]
[BlackElo "2489"]
[WhiteTeam "Freedom"]
[BlackTeam "KazChess"]
[WhiteFideId "13306553"]
[BlackFideId "13715658"]
[EventDate "2025.06.11"]
[EventType "team"]

1. d4 Nf6 2. c4 e6 3. Nf3 d5 4. Nc3 dxc4 5. e4 b5 6. e5 Nd5 7. Nxb5 Nb6 8. Be2
Nc6 9. Be3 Be7 10. a3 Bb7 11. Qc2 Qd7 12. Nc3 Na5 13. Rd1 O-O-O 14. O-O Kb8 15.
Ne4 Qa4 16. Qb1 f5 17. exf6 gxf6 18. Nc5 Bxc5 19. dxc5 Nd5 20. Bd2 Nb3 21. Qc2
Nxc5 22. Qxc4 Qxc4 23. Bxc4 Rhg8 24. g3 Nb6 25. Be2 e5 26. Bb4 Ne4 27. Rxd8+
Rxd8 28. Rc1 Nd5 29. Ba5 Rd7 30. Kf1 Ne7 31. Ke1 Nc6 32. Bd2 Nxd2 33. Nxd2 Nd4
34. Bd1 f5 35. Rc3 Rd6 36. Nc4 Re6 37. h4 h6 38. Re3 e4 39. Rc3 Kc8 40. Ne3 Re5
41. b4 Kd8 42. a4 Kd7 43. b5 a6 44. Rc4 Ne6 45. Rb4 axb5 46. axb5 Ke7 47. Bb3
Nc5 48. Bc4 Kf6 49. b6 c6 50. Be2 Nd7 51. Ra4 Re7 52. Nc4 Ke6 53. Ra7 Nc5 54.
Na5 Kd6 55. Kd2 Bc8 56. Nxc6 Re8 57. Na5 e3+ 58. fxe3 Ne4+ 59. Kc2 Be6 60. Rc7
Rb8 61. Rc6+ Ke5 62. b7 Nxg3 63. Bc4 Bd7 64. Ra6 f4 65. exf4+ Kxf4 66. Ra8 Rxb7
67. Nxb7 Kg4 68. Nc5 Bf5+ 69. Bd3 Kxh4 1-0

[Event "FIDE World Rapid Team"]
[Site "London ENG"]
[Date "2025.06.12"]
[Round "8.5"]
[White "Kamalidenova, Meruert"]
[Black "Injac, Teodora"]
[Result "0-1"]
[WhiteTitle "IM"]
[BlackTitle "IM"]
[WhiteElo "2330"]
[BlackElo "2457"]
[WhiteTeam "KazChess"]
[BlackTeam "Freedom"]
[WhiteFideId "13712802"]
[BlackFideId "932400"]
[EventDate "2025.06.11"]
[EventType "team"]

1. e4 e5 2. Nf3 Nc6 3. Bc4 Bc5 4. d3 Nf6 5. Nc3 h6 6. Be3 Bb6 7. h3 d6 8. Qd2
Be6 9. Bb3 Nd4 10. Bxd4 exd4 11. Nd5 Nxd5 12. Bxd5 Bxd5 13. exd5 Qf6 14. O-O O-O
15. Qb4 a5 16. Qa4 Qf5 17. Nxd4 Qxd5 18. Nf3 Rfe8 19. Rae1 c6 20. d4 Qb5 21.
Qxb5 cxb5 22. c3 Kf8 23. a3 Rac8 24. Rxe8+ Kxe8 25. Re1+ Kd7 26. Kf1 b4 27. axb4
axb4 28. cxb4 Rc4 29. Rd1 Rxb4 30. Rd2 Kc6 31. Ke2 Kd5 32. Ke3 Rb3+ 33. Kf4 Rb4
34. Ke3 g5 35. Rc2 f5 36. Rd2 g4 37. hxg4 fxg4 38. Nh2 h5 39. f3 Bxd4+ 40. Kf4
Ke6 41. Kg5 Be3+ 0-1